000 00524nam a22001697a 4500
999 _c184503
_d184503
005 20220121113327.0
010 _aENG-131300
020 _a978-93-5322-864-4
_c265.00
035 _aEN-114832
037 _bDBAD
082 _a000
245 _aCentral Teacher Eligibility Test:
_bPaper-I, ClassI-V/
260 _aNew Delhi
_bPrabhat Exam
_c2019
270 _bNew Delhi
_a4/19, Asaf Ali Road
_e110002
_k23289555, 23289666
_mprabhatbook@gmail.com
300 _a248p.
_c28cm(pbk)
942 _2ddc
_cEN
_h000
_mCTE